| 000 | 00591nam a2200193Ia 4500 | ||
|---|---|---|---|
| 008 | 151121s9999||||xx |||||||||||||| ||und|| | ||
| 082 | _a813/ बापट | ||
| 082 | _bHNW-64741 | ||
| 100 | _aबापट मुकुंद | ||
| 245 | _aमित्रा | ||
| 260 | _b"सूर्याक्षरा विविधा प्रकाशन, पुणे।" | ||
| 260 | _c-- | ||
| 300 | _a186 | ||
| 600 | _aबापट मुकुंद | ||
| 630 | _aमित्रा | ||
| 700 | _aबापट मुकुंद | ||
| 730 | _aमित्रा | ||
| 942 | _cBOOK | ||
| 999 |
_c1246267 _d1246264 |
||